Clubs en Ligue des Champions depuis 2003 - Statistiques

Statistiques générales
  • Ce quiz a été pris 6 445 fois
    5 988 depuis la dernière actualisation
  • Le résultat moyen est 60 sur 120
Statistiques - réponses
Pays Club * ** % Correct
Espagne FC Barcelone 2020 17
99%
Espagne Real Madrid 2020 18
99%
Allemagne Bayern Munich 2020 16
94%
Espagne Atlético Madrid 2020 10
93%
France Olympique Marseille 2020 8
92%
France Paris Saint-Germain 2020 10
92%
Italie Milan AC 2013 10
91%
France Olympique Lyonnais 2019 12
91%
Allemagne Borussia Dortmund 2020 9
90%
Italie Inter Milan 2020 12
90%
Italie Juventus Turin 2020 14
90%
Angleterre Manchester City 2020 10
90%
Angleterre Manchester United 2020 15
90%
Angleterre Chelsea FC 2020 16
88%
Angleterre Liverpool FC 2020 11
88%
France Lille OSC 2019 5
86%
France AJ Auxerre 2010 1
85%
Angleterre Arsenal 2016 14
84%
France AS Monaco FC 2018 6
84%
Portugal FC Porto 2020 16
84%
Italie AS Rome 2018 9
80%
Portugal Benfica Lisbonne 2019 13
80%
Espagne Valence CF 2019 9
80%
Pays Bas Ajax Amsterdam 2020 11
78%
Angleterre Tottenham Hotspurs 2019 5
77%
France FCG Bordeaux 2009 3
76%
Italie SSC Napoli 2019 6
76%
France Stade Rennais 2020 1
76%
Espagne FC Séville 2020 6
75%
Italie SS Lazio 2020 3
75%
Pays Bas PSV Eindhoven 2018 9
74%
Allemagne RB Leipzig 2020 3
74%
Portugal Sporting CP 2017 6
74%
Turquie Galatasaray SK 2019 8
71%
France Montpellier HSC 2012 1
70%
Espagne Villarreal CF 2011 3
70%
Angleterre Leicester City 2016 1
69%
Allemagne Bayer Leverkusen 2019 7
68%
Italie Atalanta Bergame 2020 2
65%
Suisse BSC Young Boys 2018 1
65%
Belgique Club Bruges 2020 6
64%
Russie Zénith Saint Pétersbourg 2020 8
64%
Ecosse Celtic Glasgow 2017 9
63%
Ukraine Dynamo Kiev 2020 10
63%
Espagne Betis Séville 2005 1
62%
Pays Bas Feyenoord Rotterdam 2017 1
62%
Turquie Fenerbahce SK 2008 4
61%
Ecosse Glasgow Rangers 2010 5
60%
Allemagne Schalke 04 2018 7
59%
R. Tchèque Sparta Prague 2005 3
59%
Belgique RSC Anderlecht 2017 8
58%
Turquie Besiktas JK 2017 5
55%
Suisse FC Bâle 2017 7
55%
Russie CSKA Moscou 2018 11
54%
Croatie Dinamo Zagreb 2019 5
54%
Portugal SC Braga 2012 2
54%
Allemagne VfL Wolfsburg 2015 2
54%
Serbie Etoile Rouge Belgrade 2019 2
52%
Danemark FC Copenhague 2016 4
52%
Ukraine Shakhtar Donetsk 2020 14
52%
Roumanie Steaua Bucarest 2013 4
52%
Espagne Real Sociedad 2013 2
51%
Italie AC Fiorentina 2009 2
49%
Grèce Olympiakos Le Pirée 2020 15
49%
Autriche RB Salzbourg 2020 2
48%
Grèce AEK Athènes 2018 3
47%
Chypre Apoel Nicosie 2017 4
46%
Suède Malmö FF 2015 2
44%
Pologne Legia Varsovie 2016 1
43%
Israël Maccabi Tel Aviv 2015 2
43%
Espagne Màlaga CF 2012 1
43%
R. Tchèque Slavia Prague 2019 2
41%
Suisse FC Zurich 2009 1
40%
Russie Lokomotiv Moscou 2020 4
40%
Allemagne Werder Brême 2010 6
40%
Allemagne Borussia Mönchengladbach 2020 3
39%
Allemagne Hambourrg SV 2006 1
38%
Turquie Istanbul Basaksehir 2020 1
38%
Belgique KRC Genk 2019 2
38%
Serbie Partizan Belgrade 2010 2
38%
Espagne La Corogne 2004 2
37%
Russie Spartak Moscou 2017 4
35%
Belgique Standard Liège 2009 1
35%
Belgique KAA La Gantoise 2015 1
33%
Bulgarie Levski Sofia 2006 1
32%
Israël Maccabi Haifa 2009 1
32%
Grèce Panathinaikos 2010 4
32%
Israël Hapoel Tel Aviv 2010 1
30%
Allemagne VfB Stuttgart 2009 3
30%
Pays Bas AZ Alkmaar 2009 1
29%
Autriche Rapid Vienne 2005 1
29%
Kazakhstan FK Astana 2015 1
27%
Allemagne TSG Hoffenheim 2018 1
27%
Turquie Trabzonspor 2011 1
25%
Russie FK Krasnodar 2020 1
23%
Autriche Austria Vienne 2013 1
21%
Pays Bas FC Twente 2010 1
21%
Espagne Celta Vigo 2003 1
20%
Roumanie CFR Cluj 2012 3
20%
Italie Udinese Calcio 2005 1
20%
Slovaquie Artmeldia Bratislava 2005 1
19%
Azerbaïdjan Qarabag FK 2017 1
19%
Russie Rubin Kazan 2010 2
18%
Hongrie Ferencvaros TC 2020 1
17%
R. Tchèque Viktoria Plzen 2018 3
17%
Bulgarie Ludogorets Razgrad 2016 2
16%
Norvège Rosenborg BK 2007 3
16%
Biélorussie BATE Borisov 2015 5
13%
Danemark FC Midtjylland 2020 1
10%
Russie FK Rostov 2016 1
10%
Slovénie NK Maribor 2017 2
10%
Danemark AaB Aalborg 2008 1
6%
Turquie Bursaspor 2010 1
6%
Danemark FC Nordsjaelland 2012 1
5%
Chypre Anorthosis Famagouste 2008 1
3%
Hongrie Debrecen VSC 2009 1
3%
Suisse FC Thoune 2005 1
3%
Slovaquie MSK Zilina 2010 1
3%
Roumanie Otelul Galati 2011 1
1%
Roumanie Unirea Urziceni 2009 1
1%
Aucun quiz correspondant
Distribution des résultats
% des personnes avec chaque résultat
Percentile par nombre de réponses
Votre historique - résultats
Vous n’avez pas pris ce quiz depuis la dernière actualisation